000 00354nam a2200145Ia 4500
008 230312s9999||||xx |||||||||||||| ||und||
020 _a978-0500514412
082 _a751.73
_bRUI-G
100 _aRuiz;Maximiliano
245 0 _aGraffiti Argentina
260 _bThames&Hudson
_aUK
_c2008
300 _a151
650 _aArchitecture
_vGraffti
942 _cBK
999 _c14405
_d14405